| 000 | 01407nam0a2200337 4500 | ||
|---|---|---|---|
| 001 | RU\NLR\ONL1\21019 | ||
| 005 | 20250613223126.0 | ||
| 035 | _a(NLR Aleph) 010206742 | ||
| 090 |
_a10255675 _c10255675 |
||
| 100 | _a20121024d1932 |||y0rusy50 ca | ||
| 101 | 0 | _akom | |
| 102 | _aRU | ||
| 105 | _aa ||||||||| | ||
| 135 | _acrgn 008apaba | ||
| 200 | 1 |
_aХимия _eШКМ-ын медводдза во велöдчысъяслы да ФЗС-ын 5-д во велöдчысъяслы отсöг _fД. А. Шахов |
|
| 210 |
_aСыктывкар _cКомигиз _d1932 |
||
| 215 |
_a112 с. _cил. _d23 |
||
| 325 | _aКопия доступна в электронной библиотеке РНБ | ||
| 541 | 1 |
_aУчебная книга по химии для 1-ой группы ШКМ и для 5 группы ФЗС _zrus |
|
| 606 | 0 |
_aХимия _9898913 _3RU\NLR\auth\666296 |
|
| 686 | 1 | _aГ1 я7 | |
| 700 | 1 |
_aШахов _bД. А. _4070 |
|
| 801 | 0 |
_aRU _bNLR _c20121024 _gPSBO |
|
| 852 |
_aNLR _bОНЛ _jКоми-з./3-1901 |
||
| 901 | _eКнижные издания: ОНЛ | ||
| 942 | _cBOOK | ||
| 980 | _aNB | ||
| 981 | 2 | 3 |
_a(23) Национальные литературы _b(23) Книги на национальных языках |